Eastern Utah Libraries Catalog: Duchesne, Heber, Roosevelt, & Vernal

Once upon a scream / (Record no. 385997)

MARC details
000 -LEADER
fixed length control field 01730aam a2200445 i 4500
001 - CONTROL NUMBER
control field 1338691644
003 - CONTROL NUMBER IDENTIFIER
control field OCoLC
005 - DATE AND TIME OF LATEST TRANSACTION
control field 20230712170443.0
007 - PHYSICAL DESCRIPTION FIXED FIELD--GENERAL INFORMATION
fixed length control field t||
008 - FIXED-LENGTH DATA ELEMENTS--GENERAL INFORMATION
fixed length control field 220705s2022 cau c 000 1 eng d
010 ## - LIBRARY OF CONGRESS CONTROL NUMBER
LC control number 2021952464
020 ## - INTERNATIONAL STANDARD BOOK NUMBER
International Standard Book Number 9781668842072
Qualifying information Follett binding
020 ## - INTERNATIONAL STANDARD BOOK NUMBER
International Standard Book Number 1668842076
Qualifying information Follett binding
035 ## - SYSTEM CONTROL NUMBER
System control number (OCoLC)1338691644
040 ## - CATALOGING SOURCE
Original cataloging agency ICrlF
Language of cataloging eng
Description conventions rda
Transcribing agency FMG
Modifying agency FMG
-- OCO
-- TnLvILS
092 ## - LOCALLY ASSIGNED DEWEY CALL NUMBER (OCLC)
Classification number junior fiction
Item number Strange
100 1# - MAIN ENTRY--PERSONAL NAME
Personal name Strange, Vera,
Relator term author.
Relator code aut.
9 (RLIN) 6387382
245 10 - TITLE STATEMENT
Title Once upon a scream /
Statement of responsibility, etc by Vera Strange.
246 1# - VARYING FORM OF TITLE
Display text At head of title:
Title proper/short title Disney chills.
250 ## - EDITION STATEMENT
Edition statement First paperback edition.
264 #1 - Production, Publication, Distribution, Manufacture, and Copyright Notice.
Place of production, publication, distribution, manufacture Los Angeles :
Name of producer, publisher, distributor, manufacturer Disney Press,
Date of production, publication, distribution, manufacture, or copyr 2022.
300 ## - PHYSICAL DESCRIPTION
Extent 252 pages ;
Dimensions 20 cm.
336 ## - Content Type
Content type term text
336 ## - Content Type
Content type term still image
337 ## - Media type
Media type term unmediated
338 ## - Carrier type
Carrier type term volume
490 1# - SERIES STATEMENT
Series statement Disney chills
Volume number/sequential designation 6.
520 ## - SUMMARY, ETC.
Summary, etc Stuck helping her eccentric aunts in their dusty antique shop, Dawn accidentally awakens Maleficent, who casts a mysterious sleeping spell over the town, forcing Dawn to put an end to this nightmare.
600 00 - SUBJECT ADDED ENTRY--PERSONAL NAME
Personal name Maleficent
Titles and other words associated with a name (Fictitious character)
Form subdivision Juvenile fiction.
9 (RLIN) 6399625
600 01 - SUBJECT ADDED ENTRY--PERSONAL NAME
Personal name Maleficent
Titles and other words associated with a name (Fictitious character)
Form subdivision Fiction.
9 (RLIN) 6399626
650 #0 - SUBJECT ADDED ENTRY--TOPICAL TERM
Topical term or geographic name as entry element Sleep
Form subdivision Juvenile fiction.
9 (RLIN) 5674956
650 #0 - SUBJECT ADDED ENTRY--TOPICAL TERM
Topical term or geographic name as entry element Characters and characteristics in literature
Form subdivision Juvenile fiction.
9 (RLIN) 5674870
650 #0 - SUBJECT ADDED ENTRY--TOPICAL TERM
Topical term or geographic name as entry element Horror tales.
650 #1 - SUBJECT ADDED ENTRY--TOPICAL TERM
Topical term or geographic name as entry element Sleep
Form subdivision Fiction.
9 (RLIN) 5674960
650 #1 - SUBJECT ADDED ENTRY--TOPICAL TERM
Topical term or geographic name as entry element Characters in literature
Form subdivision Fiction.
9 (RLIN) 5674873
650 #1 - SUBJECT ADDED ENTRY--TOPICAL TERM
Topical term or geographic name as entry element Horror stories.
655 #7 - INDEX TERM--GENRE/FORM
Genre/form data or focus term Horror fiction.
Source of term lcgft.
800 1# - SERIES ADDED ENTRY--PERSONAL NAME
Personal name Strange, Vera.
Title of a work Disney chills ;
Volume/sequential designation 6.
9 (RLIN) 6414495
942 ## - ADDED ENTRY ELEMENTS (KOHA)
Source of classification or shelving scheme Dewey Decimal Classification
Koha item type BOOK
Holdings
Withdrawn status Lost status Source of classification or shelving scheme Damaged status Not for loan Collection code Home library Current library Shelving location Date acquired Source of acquisition Serial Enumeration / chronology Total Checkouts Total Renewals Full call number Barcode Checked out Date last seen Date checked out Cost, replacement price Price effective from Koha item type
  Long Overdue (Lost) Dewey Decimal Classification     Junior Fiction Wasatch County Library Wasatch County Library Main Floor Junior Area 07/12/2023 Rainbow Books #6 Disney Chills 1 2 J Strange 34301002033340 09/27/2023 08/01/2023 08/01/2023 20.95 07/12/2023 BOOK
This project was made possible through a grant from the Institute of Museum and Library Service administered by the Utah State Library Division.

Wasatch County Library

  • 465 East 1200 South, Heber City, Utah 84032
  • Phone 435-654-1511 | Fax 435-654-6456

Hours

  • Monday - Friday 9:30 AM - 8:00 PM
  • Saturday 9:30 AM - 1:30 PM
  • Closed Sundays and Holidays